Quizzes
Events
Quiz Creation
Community
Videos
Private Events
Remove Ads
Sign In
Join for FREE
Feedback
Dark Mode
Quiz Categories
Sports
Geography
Music
Movies
Television
Just For Fun
Miscellaneous
History
Literature
Language
Science
Gaming
Entertainment
Religion
Holiday
For Kids
Quiz Lab
Recent
Popular Today
Quiz Kudos Today
Editor Picks
Curator Picks
Quizzes by...
Day
Popularity
Type
Ratings
Length
Year
Community
Subscriptions
Recent Discussions
Orange Saloon
Badges
Playlists
Quests
Create
Leaderboards
Showdown
Live 5
Trivia Bingo
Activity
Puzzle Library
Sporcle Events
Private Events
Virtual Trivia
Globe League
Become a Host
Pub Owners
SporcleCon
Opinionation
Our Games
Videos
Blog
Mobile Apps
Partnerships
Remove Ads and Go Orange
Feedback
Entertainment
Celebrity
Famous
Musical
Broadway
Show
Quote
Comic Books
Anime
Superhero
DC Comics
Marvel
Cartoons
Animation
Entertainment
Celebrity
Famous
Musical
Broadway
Show
Quote
Comic Books
Anime
Superhero
DC Comics
Marvel
Cartoons
Animation
Random Quiz
Search Sporcle
×
Quiz Lab
Quiz Lab
Entertainment
Country
Type in answers that appear in a list
Type in answers that appear in a list
Classic
Best Score? Go Orange.
Countries Terrorized by Cats Stats
Can you name the Countries Terrorized by Cats?
By
krescooch
60s
4 Questions
126 Plays
126 Plays
126 Plays
Comments
Comments
Give Quiz Kudos
Give Quiz Kudos
-
- Ratings
hide this ad
More Info
Replay
Link that replays current quiz
Next Quiz
Link to next quiz in quiz playlist
You Got
0%
They Got
Avg Score
53%
Avg Friend Score
Upgrade to see
Score Distribution
Jump to the score distribution portion of the page
Score
0/4
Timer
01:00
0
Plays Today
% Correct
America
81.7%
Russia
62.7%
Sicily
45.2%
Ireland
24.6%
Quiz Playlist
Details
Report
Send in Message
Add To Playlist
More Info:
Can you name the countries mentioned in AN AMERICAN TALE (1986) that were terrorized by cats?
Classic:
Type in answers that appear in a list
Quiz Source
Last Updated: Feb 16, 2017
Quiz Scoreboard
CHALLENGE
Sign Up to Join the Scoreboard
Show All
Scores
Hide
Comments
May contain spoilers
Recently Published
College Basketball Coaching Resumes
by pancakes188
Sports
9m
Billboard Blitz: Fleetwood Mac
by CooCooCachoo
Music
15s
Presidents Visiting Landmarks
by Hejman
History
7m
More to Explore
Quiz From the Vault
Featured Blog Post
Where Did the Easter Bunny Come From?
hide this ad
You Might Also Like...
Tags
Country Quiz
cat
Today's Top Quizzes in Entertainment
Browse Entertainment
hide this ad
Today's Top Quizzes in Country
Browse Country
Top Contributed Quizzes in Entertainment
1
7-to-1: DC Comics Villains
2
Marvel Characters Bunker
3
Eurovision 2023 Logic Puzzle
4
Dragon Ball Z: Goku's Fights in Order
5
Criteria Quickie: Cartoon Taxonomy II
6
Sorting Pictures: Villains
7
Kamen Rider Motifs
8
Mini Trivia Sudoku: Musicals
9
Fictional Villains Letter U Blitz
10
7-to-1: One Piece
Explore More
Trending Topics
Disney
NBA
Harry Potter
Anime
Crossword
Marvel
Kpop
NFL
Soccer
Song
Pokémon
WWE
The Office
Puzzle
Country
hide this ad
More By:
krescooch
Quiz
Plays
Rating
Category
Featured
Created
Word Ladder: Simpson Family
31,126
4.34
Just For Fun
May 3, 2011
Word Ladder: Zuckerbergian Site
17,804
4.03
Just For Fun
May 3, 2011
Word Ladder: Meat Slogans
11,605
4.59
Just For Fun
May 1, 2011
Word Ladder #9
456
4.00
Just For Fun
May 4, 2011
Word Ladder: Wu-Tang
353
4.60
Just For Fun
May 4, 2011
Go to Creator's Profile
Score Distribution
Quiz Creator Spotlight
krescooch
Follow
Send a Message
Quizzes Created
-
Created Quiz Play Count
-
More By This Creator
Popular Quizzes Today
1
Find the US States - No Outlines Minefield
2
Find the Countries of Europe - No Outlines Minefield
3
The Countries of the World
4
Find the US States
5
Risky Map Clicking: Biggest States A-Z
6
US States
7
Popular People in 1961
8
Movies - When Are They Set?
More Entertainment Quizzes
'D' Entertainment Images II
Published
Trending Quizzes
Risky Map Clicking: Least Populous States A-Z
1-10 Letter G Words
1-10 Letter F Words
Risky Map Clicking: Next State Alphabetically
Risky Map Clicking: Biggest States A-Z
Recently Updated
Leaping Animals
pecheneg
Reality TV Shows (A-Z)
bhenderson79
Rickey Henderson's Hall of Fame Teammates
pecheneg
Champions League XIs: Arsenal
pecheneg
Quick Pick: Celebrities in WWE's Hall of Fame
aduchscher
A-Z Keypad Blitz II
pecheneg
Multiple Oscar Actors
pecheneg
Mystery Phrase Blitz: Oscar 'Best Actors'
pecheneg
F. Scott Fitzgerald Novels
LTH
Pick 3 Villains
ddd62291
Trending Topics
Kpop
Marvel
Disney
Harry Potter
Anime
Crossword
NBA
Song
WWE
Puzzle
Pokémon
Soccer
NFL
Country
The Office
Your Account Isn't Verified!
In order to create a playlist on Sporcle, you need to verify the email address you used during registration. Go to your
Sporcle Settings
to finish the process.
Report this User
Report this user for behavior that violates our
Community Guidelines
.
Details:
Send Report
Go to the Sporcle.com Mobile Site →
Comments